000 00738nam a2200181Ia 4500
008 090124s9999 xx 000 0 und d
082 _b28108
100 _aखैरमोडे चां. भ.
245 _a अस्पृश्यांचा लष्करी पेशा
250 _a1
260 _bमहाराष्ट्र राज्य साहित्य-संस्कृति मंडळ
_c1987
300 _a121
600 _aखैरमोडे चां. भ.
630 _a अस्पृश्यांचा लष्करी पेशा
700 _aखैरमोडे चां. भ.
730 _a अस्पृश्यांचा लष्करी पेशा
942 _cBOOK
999 _c95200
_d95200